000 00342nam a22001337a 4500
008 260530b |||||||| |||| 00| 0 eng d
020 _a9789381275221
082 _a001912
100 _aPoorna Prajna Samshodhan Trust
245 _aPrajna Vol vii
260 _aBangalore
_bPoorna Prajna Samshodhan Trust
_c2012
300 _a522p
942 _2ddc
999 _c1490
_d1490